[Event "LSS No Engine Cup 41 Final"]
[Site "LSS email"]
[Date "2011.12.29"]
[Round "?"]
[White "Kubat, Slavko"]
[Black "Slezak, Akos"]
[Result "1/2-1/2"]
[WhiteElo "1781"]
[BlackElo "2129"]
[PlyCount "54"]
[EventDate "2011.12.30"]
[EventType "tourn (corr)"]
[EventRounds "6"]
[EventCountry "GER"]
[SourceTitle "Telechess CBM 153"]
[Source "ChessBase"]
[SourceDate "2013.03.14"]
[SourceVersion "1"]
[SourceVersionDate "2013.03.14"]
[SourceQuality "1"]

1. e4 c5 2. Nf3 d6 3. d4 cxd4 4. Nxd4 Nf6 5. Nc3 a6 6. Bc4 e6 7. Bb3 Nbd7 8. f4 Nc5 9. Qf3 Be7 10. Be3 Qc7 11. f5 0-0 12. 0-0 b5 13. a3 e5 14. Nde2 Nxb3 15. cxb3 Bb7 16. Ng3 a5 17. Rac1 Qd7 18. Nd5 Nxd5 19. exd5 f6 20. Qe4 Rfc8 21. Rcd1 b4 22. a4 Ba6 23. Rf2 Bd8 24. h3 Rab8 25. Rfd2 Rb7 26. Rf2 Kh8 27. Kh2 Rbb8 1/2-1/2

[Event "LSS No Engine Cup 41 Final"]
[Site "LSS email"]
[Date "2011.12.29"]
[Round "?"]
[White "Slezak, Akos"]
[Black "Onem, Cem"]
[Result "1-0"]
[WhiteElo "2129"]
[BlackElo "1913"]
[PlyCount "69"]
[EventDate "2011.12.30"]
[EventType "tourn (corr)"]
[EventRounds "6"]
[EventCountry "GER"]
[SourceTitle "Telechess CBM 153"]
[Source "ChessBase"]
[SourceDate "2013.03.14"]
[SourceVersion "1"]
[SourceVersionDate "2013.03.14"]
[SourceQuality "1"]

1. e4 e5 2. Nf3 Nc6 3. Bc4 Bc5 4. 0-0 d6 5. c3 Nf6 6. d4 Bb6 7. a4 exd4 8. cxd4 0-0 9. d5 Ne7 10. Nc3 a6 11. a5 Bc5 12. h3 Ng6 13. Re1 Bd7 14. Bd3 Qe7 15. Be3 Bxe3 16. Rxe3 Rab8 17. b4 Rfe8 18. Rc1 Ne5 19. Nd4 Rbc8 20. Bf1 h6 21. f4 Ng6 22. g3 Qf8 23. Qf3 Re7 24. Rce1 Ra8 25. Qe2 Rd8 26. b5 axb5 27. Ncxb5 h5 28. Qf2 Rc8 29. Nc3 c6 30. dxc6 Bxc6 31. Qf3 h4 32. g4 Qd8 33. g5 Ne8 34. Qg4 Ra8 35. Nb3 1-0

[Event "CP-2011-P-00001"]
[Site "LSS email"]
[Date "2011.09.30"]
[Round "?"]
[White "Slezak, Akos"]
[Black "Gudok, Viktor V"]
[Result "1-0"]
[WhiteElo "2129"]
[BlackElo "1723"]
[PlyCount "97"]
[EventDate "2011.10.01"]
[EventType "tourn (corr)"]
[EventRounds "6"]
[EventCountry "GER"]
[SourceTitle "Telechess CBM 153"]
[Source "ChessBase"]
[SourceDate "2013.03.14"]
[SourceVersion "1"]
[SourceVersionDate "2013.03.14"]
[SourceQuality "1"]

1. e4 c5 2. Nf3 d6 3. d4 cxd4 4. Nxd4 Nf6 5. Nc3 g6 6. Be3 Bg7 7. f3 0-0 8. Qd2 Nc6 9. Bc4 Bd7 10. 0-0-0 Qa5 11. Bb3 Rfc8 12. Kb1 Ne5 13. h4 Rab8 14. g4 b5 15. h5 Nc4 16. Bxc4 bxc4 17. Ka1 Ne8 18. hxg6 fxg6 19. Nde2 Rb7 20. Rb1 Rcb8 21. g5 Nc7 22. Bd4 e5 23. Be3 Be6 24. Qxd6 Bf8 25. Qc6 Bf7 26. Rh2 Be8 27. Qxc4+ Bf7 28. Qa4 Bb4 29. Qxa5 Bxa5 30. b3 Be6 31. Rd1 Rf8 32. Bc5 Re8 33. Bd6 Nb5 34. Bxe5 Bxb3 35. cxb3 Rxe5 36. Nd5 Bd8 37. Nf6+ Bxf6 38. gxf6 h5 39. Rg2 Kf7 40. Nf4 g5 41. Nd3 Re6 42. Nc5 Rbb6 43. Nxe6 Rxe6 44. Rxg5 Nc3 45. Rd3 Ne2 46. e5 h4 47. Rd7+ Kf8 48. Rh5 Kg8 49. Rg7+ 1-0

[Event "RA-2011-0-00130"]
[Site "LSS email"]
[Date "2011.04.17"]
[Round "?"]
[White "Sacerdotali, Sergio"]
[Black "Slezak, Akos"]
[Result "1-0"]
[WhiteElo "2137"]
[BlackElo "2039"]
[PlyCount "79"]
[EventDate "2011.03.14"]
[EventType "tourn (corr)"]
[EventRounds "6"]
[EventCountry "GER"]
[SourceTitle "Telechess CBM 147"]
[Source "ChessBase"]
[SourceDate "2012.03.16"]
[SourceVersion "1"]
[SourceVersionDate "2012.03.16"]
[SourceQuality "1"]

1. e4 c5 2. Nf3 g6 3. d4 cxd4 4. Nxd4 Nc6 5. c4 Nf6 6. Nc3 d6 7. Be2 Nxd4 8. Qxd4 Bg7 9. Be3 0-0 10. Qd2 Be6 11. Rc1 Qa5 12. f3 Rfc8 13. b3 a6 14. Na4 Qxd2+ 15. Kxd2 Nd7 16. g4 Rc6 17. h4 h6 18. Nc3 Nc5 19. Nd5 Bxd5 20. cxd5 Rcc8 21. Rc2 a5 22. Bb5 Kh7 23. Rhc1 b6 24. Rb1 h5 25. g5 f6 26. Bc6 Ra7 27. a3 fxg5 28. hxg5 Rf8 29. Ke2 Be5 30. b4 axb4 31. axb4 Na4 32. Bd2 Kg8 33. Bb5 Nb2 34. f4 Bg7 35. e5 Na4 36. Rbc1 h4 37. Rc6 h3 38. exd6 exd6 39. Rxd6 Bb2 40. Rxg6+ 1-0

[Event "LSS No Engine Cup 41 Preliminary 3"]
[Site "LSS email"]
[Date "2011.04.17"]
[Round "?"]
[White "Slezak, Akos"]
[Black "Yangibayev, Rustam"]
[Result "1-0"]
[WhiteElo "2106"]
[BlackElo "849"]
[PlyCount "39"]
[EventDate "2011.04.18"]
[EventType "tourn (corr)"]
[EventRounds "6"]
[EventCountry "GER"]
[SourceTitle "Telechess CBM 151"]
[Source "ChessBase"]
[SourceDate "2012.11.13"]
[SourceVersion "1"]
[SourceVersionDate "2012.11.13"]
[SourceQuality "1"]

1. e4 c6 2. d4 d5 3. Nc3 dxe4 4. Nxe4 Bf5 5. Bd3 e6 6. Nf3 Nf6 7. Qe2 Nbd7 8. Nxf6+ Qxf6 9. Bg5 Qg6 10. Bxf5 Qxf5 11. 0-0 Bd6 12. Bh4 Nf6 13. Bg3 Bxg3 14. fxg3 0-0 15. c3 Nd5 16. Ne5 Qg5 17. Rae1 Rad8 18. Nd3 Rd6 19. Nc5 b6 20. Ne4 1-0

[Event "LSS SA-2010-0-00139"]
[Site "LSS email"]
[Date "2010.07.08"]
[Round "?"]
[White "Orsolic, Marijan"]
[Black "Slezak, Akos"]
[Result "1-0"]
[WhiteElo "2084"]
[BlackElo "2042"]
[PlyCount "85"]
[EventDate "2010.06.06"]
[EventType "tourn (corr)"]
[EventRounds "6"]
[EventCountry "GER"]
[SourceTitle "Telechess CBM 147"]
[Source "ChessBase"]
[SourceDate "2012.03.16"]
[SourceVersion "1"]
[SourceVersionDate "2012.03.16"]
[SourceQuality "1"]

1. Nf3 Nf6 2. c4 g6 3. Nc3 d5 4. Qa4+ Bd7 5. Qb3 dxc4 6. Qxc4 a6 7. d4 b5 8. Qb3 c5 9. dxc5 Bg7 10. e4 Nc6 11. Be2 Be6 12. Qc2 0-0 13. 0-0 Qc7 14. h3 Nb4 15. Qb1 Qxc5 16. a3 Nc6 17. Be3 Qd6 18. Rd1 Qb8 19. Nd5 Bxd5 20. exd5 Na5 21. Qa2 Rc8 22. Nd2 Nb7 23. Nf3 Nd6 24. Ne5 Qb7 25. Qb3 Nf5 26. Bf4 Rc5 27. g4 Nh4 28. Nxf7 Kxf7 29. Bg3 Nxd5 30. Bxh4 e6 31. Bg3 Qc6 32. a4 b4 33. g5 Rc8 34. Re1 Kg8 35. Bg4 Re8 36. Re4 Kh8 37. Rae1 e5 38. Bf3 Qe6 39. h4 a5 40. Qd3 Nb6 41. h5 Rd5 42. Qe2 Kg8 43. Rc1 1-0

[Event "LSS SA-2010-0-00139"]
[Site "LSS email"]
[Date "2010.07.08"]
[Round "?"]
[White "Slezak, Akos"]
[Black "Andersson, Soren O"]
[Result "1-0"]
[WhiteElo "2037"]
[BlackElo "1988"]
[PlyCount "67"]
[EventDate "2010.06.06"]
[EventType "tourn (corr)"]
[EventRounds "6"]
[EventCountry "GER"]
[SourceTitle "Telechess CBM 143"]
[Source "ChessBase"]
[SourceDate "2011.07.15"]
[SourceVersion "1"]
[SourceVersionDate "2011.07.15"]
[SourceQuality "1"]

1. e4 e6 2. d4 d5 3. Nc3 Bb4 4. e5 c5 5. a3 Bxc3+ 6. bxc3 Ne7 7. Qg4 Qc7 8. Qxg7 Rg8 9. Qxh7 cxd4 10. Ne2 Nbc6 11. f4 Bd7 12. Qd3 dxc3 13. Nxc3 a6 14. Ne2 Nf5 15. h3 Na5 16. a4 Qd8 17. h4 Nc4 18. h5 Qa5+ 19. Bd2 Qc5 20. h6 Rh8 21. h7 Bc6 22. g4 Nxd2 23. gxf5 Ne4 24. Qd4 Qxc2 25. fxe6 fxe6 26. Rc1 Qb3 27. Rh6 Bd7 28. Bg2 Ng3 29. Bh3 Nxe2 30. Kxe2 Qa2+ 31. Ke1 Qa3 32. Rc3 Qa1+ 33. Kf2 Qh1 34. Rc7 1-0

[Event "HUN-chT2 Erkel 0910"]
[Site "Hungary"]
[Date "2010.02.14"]
[Round "6.11"]
[White "Kovacs, Istvan"]
[Black "Slezak, Akos"]
[Result "1/2-1/2"]
[WhiteElo "1826"]
[BlackElo "1941"]
[PlyCount "108"]
[EventDate "2009.11.08"]
[EventType "team-tourn"]
[EventRounds "11"]
[EventCountry "HUN"]
[SourceTitle "EXT 2011"]
[Source "ChessBase"]
[SourceDate "2010.11.26"]
[SourceVersion "1"]
[SourceVersionDate "2010.11.26"]
[SourceQuality "1"]
[WhiteTeam "Ujszasz"]
[BlackTeam "Vaci"]
[WhiteTeamCountry "HUN"]
[BlackTeamCountry "HUN"]

1. c4 Nf6 2. Nc3 d5 3. cxd5 Nxd5 4. Nf3 Nxc3 5. bxc3 g6 6. g3 Bg7 7. Bg2 0-0 8. Rb1 c5 9. 0-0 Nc6 10. a4 Rb8 11. Ba3 b6 12. e4 Ba6 13. Re1 e5 14. Bf1 Bxf1 15. Kxf1 Qd3+ 16. Qe2 Rfd8 17. Qxd3 Rxd3 18. Re3 Rbd8 19. Rxd3 Rxd3 20. Ke2 Rd7 21. Ne1 f5 22. f3 Na5 23. d3 c4 24. Rd1 Bf8 25. Nc2 Bxa3 26. Nxa3 cxd3+ 27. Rxd3 Rxd3 28. Kxd3 Kf7 29. Nc4 Nxc4 30. Kxc4 Ke6 31. Kb5 Kd6 32. Ka6 Kc6 33. Kxa7 f4 34. g4 g5 35. Ka6 h5 36. h3 h4 37. c4 Kc5 38. Kb7 Kxc4 39. Kxb6 Kd3 40. a5 Ke3 41. a6 Kxf3 42. a7 Kg2 43. a8Q f3 44. Qf8 f2 45. Kc5 f1Q 46. Qxf1+ Kxf1 47. Kd5 Kg2 48. Kxe5 Kxh3 49. Kf5 Kg3 50. e5 h3 51. e6 h2 52. e7 h1Q 53. e8Q Qd5+ 54. Kg6 Kxg4 1/2-1/2

[Event "LSS SA-2010-0-00113"]
[Site "LSS email"]
[Date "2010.01.27"]
[Round "?"]
[White "Jovanovic, Bratislav"]
[Black "Slezak, Akos"]
[Result "1/2-1/2"]
[WhiteElo "2097"]
[BlackElo "2011"]
[PlyCount "37"]
[EventDate "2010.01.14"]
[EventType "tourn (corr)"]
[EventRounds "6"]
[EventCountry "GER"]
[SourceTitle "Corr 2013"]
[Source "ChessBase"]
[SourceDate "2012.11.12"]
[SourceVersion "1"]
[SourceVersionDate "2012.11.12"]
[SourceQuality "1"]

1. e4 Nf6 2. e5 Nd5 3. d4 d6 4. c4 Nb6 5. f4 dxe5 6. fxe5 Bf5 7. Nc3 e6 8. Nf3 Bb4 9. Be3 c5 10. Qb3 cxd4 11. Nxd4 Qh4+ 12. Bf2 Qe4+ 13. Be2 Nc6 14. Nxc6 Qxg2 15. Rg1 Bxc3+ 16. Qxc3 Qxc6 17. Qa3 Nxc4 18. Qc3 Nb6 19. Qxc6+ 1/2-1/2

[Event "LSS SA-2010-0-00113"]
[Site "LSS email"]
[Date "2010.01.27"]
[Round "?"]
[White "Slezak, Akos"]
[Black "Donzellotti, Giuseppe"]
[Result "1/2-1/2"]
[WhiteElo "2040"]
[BlackElo "2034"]
[PlyCount "50"]
[EventDate "2010.01.14"]
[EventType "tourn (corr)"]
[EventRounds "6"]
[EventCountry "GER"]
[SourceTitle "Corr 2013"]
[Source "ChessBase"]
[SourceDate "2012.11.12"]
[SourceVersion "1"]
[SourceVersionDate "2012.11.12"]
[SourceQuality "1"]

1. e4 e5 2. Nf3 Nc6 3. Bc4 Bc5 4. 0-0 Nf6 5. d4 Bxd4 6. Nxd4 Nxd4 7. f4 d6 8. fxe5 dxe5 9. Bg5 Be6 10. Na3 Qe7 11. c3 Bxc4 12. Bxf6 gxf6 13. Nxc4 Ne6 14. Qa4+ c6 15. Kh1 Nc5 16. Qc2 0-0-0 17. b4 Qe6 18. Ne3 Nd3 19. b5 Rd7 20. c4 Kb8 21. bxc6 Qxc6 22. Nd5 Nf4 23. Qf2 Ka8 24. Nxf4 exf4 25. Qxf4 Qxc4 1/2-1/2

[Event "LSS OP-2009-0-00922"]
[Site "LSS email"]
[Date "2009.08.25"]
[Round "?"]
[White "Slezak, Akos"]
[Black "Vontina, Maria"]
[Result "1-0"]
[WhiteElo "2011"]
[BlackElo "650"]
[PlyCount "39"]
[EventDate "2009.08.10"]
[EventType "tourn (corr)"]
[EventRounds "4"]
[EventCountry "GER"]
[SourceTitle "Corr 2011"]
[Source "ChessBase"]
[SourceDate "2010.08.31"]
[SourceVersion "1"]
[SourceVersionDate "2010.08.31"]
[SourceQuality "1"]

1. e4 e6 2. d4 d5 3. Nd2 c5 4. exd5 Qxd5 5. Ngf3 Nf6 6. Bc4 Qd8 7. 0-0 Nc6 8. dxc5 Bxc5 9. Qe2 0-0 10. Rd1 Qe7 11. Ne4 Bb6 12. Bg5 a6 13. Bh4 Bd8 14. Nxf6+ gxf6 15. Nd2 Qc5 16. Qg4+ Kh8 17. Ne4 Qe5 18. Rxd8 Nxd8 19. Bxf6+ Qxf6 20. Nxf6 1-0

[Event "HUN-ch U18"]
[Site "Balatonlelle"]
[Date "2009.07.04"]
[Round "8"]
[White "Hegyesi, Zoltan"]
[Black "Slezak, Akos"]
[Result "1-0"]
[WhiteElo "2074"]
[BlackElo "2035"]
[PlyCount "61"]
[EventDate "2009.06.27"]
[EventType "swiss"]
[EventRounds "9"]
[EventCountry "HUN"]
[SourceTitle "EXT 2011"]
[Source "ChessBase"]
[SourceDate "2010.11.26"]
[SourceVersion "1"]
[SourceVersionDate "2010.11.26"]
[SourceQuality "1"]

1. Nf3 Nf6 2. c4 g6 3. b3 Bg7 4. Bb2 0-0 5. g3 c5 6. Bg2 Nc6 7. 0-0 d6 8. d4 cxd4 9. Nxd4 Bd7 10. Nc3 Nxd4 11. Qxd4 Bc6 12. Nd5 Ne8 13. Qd2 Bxb2 14. Qxb2 Nc7 15. e4 Bxd5 16. exd5 b6 17. f4 f5 18. Rae1 a5 19. Rf3 Re8 20. Rfe3 Na6 21. Bf3 Qd7 22. h4 h5 23. Re6 Kh7 24. Bxh5 gxh5 25. Qe2 Qxe6 26. Qxe6 Nc5 27. Qxf5+ Kg7 28. Qg5+ Kf8 29. Re6 Nxe6 30. dxe6 Rac8 31. Qg6 1-0

[Event "HUN-chT2 Erkel 0809"]
[Site "Hungary"]
[Date "2008.10.26"]
[Round "1.12"]
[White "Slezak, Akos"]
[Black "Alexiev, Peter"]
[Result "1-0"]
[WhiteElo "2035"]
[BlackElo "1699"]
[PlyCount "75"]
[EventDate "2008.10.26"]
[EventType "team-tourn"]
[EventRounds "11"]
[EventCountry "HUN"]
[SourceTitle "EXT 2010"]
[Source "ChessBase"]
[SourceDate "2010.11.25"]
[SourceVersion "1"]
[SourceVersionDate "2010.11.25"]
[SourceQuality "1"]
[WhiteTeam "Vaci"]
[BlackTeam "Keviterv"]
[WhiteTeamCountry "HUN"]
[BlackTeamCountry "HUN"]

1. e4 c6 2. d4 d5 3. exd5 cxd5 4. Bd3 Nc6 5. c3 Nf6 6. Bf4 e6 7. Nf3 Nh5 8. Be5 f5 9. h4 Nxe5 10. Nxe5 Nf6 11. Bb5+ Bd7 12. Bxd7+ Nxd7 13. Qh5+ Ke7 14. Ng6+ hxg6 15. Qxh8 Nf6 16. Nd2 Qc7 17. Nf3 Rc8 18. Ne5 Kd6 19. Nxg6 Qf7 20. h5 Kc7 21. Ne5 Qe7 22. h6 gxh6 23. Ng6 Qg7 24. Qxg7+ Bxg7 25. Nf4 Kd6 26. Nh5 Nxh5 27. Rxh5 Rf8 28. f4 Rf6 29. Kf2 Kc6 30. Rh3 a5 31. Rg3 Bf8 32. Rg8 b5 33. Re1 Kd7 34. Re3 a4 35. a3 Ke7 36. Reg3 Rf7 37. R8g6 Rh7 38. Re3 1-0

[Event "HUN-chT2 Erkel 0708"]
[Site "Hungary"]
[Date "2007.12.16"]
[Round "5"]
[White "Karpati, Bank"]
[Black "Slezak, Akos"]
[Result "0-1"]
[WhiteElo "1677"]
[BlackElo "1989"]
[PlyCount "44"]
[EventDate "2007.10.14"]
[EventType "team"]
[EventRounds "11"]
[EventCountry "HUN"]
[SourceTitle "EXT 2009"]
[Source "ChessBase"]
[SourceDate "2008.11.26"]
[SourceVersion "1"]
[SourceVersionDate "2008.11.26"]
[SourceQuality "1"]
[WhiteTeam "Foti"]
[BlackTeam "Vaci"]
[WhiteTeamCountry "HUN"]
[BlackTeamCountry "HUN"]

1. e4 Nf6 2. Nc3 d5 3. exd5 Nxd5 4. Nxd5 Qxd5 5. d4 Nc6 6. c3 Bf5 7. Nf3 0-0-0 8. Be2 e5 9. dxe5 Qe4 10. Qb3 Nxe5 11. Nxe5 Qxe5 12. Qxf7 Bd6 13. Qc4 Rde8 14. Be3 Be4 15. Bg4+ Kb8 16. Qa4 a6 17. Bf3 Bxf3 18. gxf3 Bc5 19. 0-0 Bxe3 20. fxe3 Qxe3+ 21. Kg2 Qd2+ 22. Rf2 Re2 0-1

[Event "HUN-chT2 Erkel 0708"]
[Site "Hungary"]
[Date "2007.12.09"]
[Round "4"]
[White "Kovacs, Istvan"]
[Black "Slezak, Akos"]
[Result "0-1"]
[WhiteElo "2220"]
[BlackElo "1989"]
[PlyCount "120"]
[EventDate "2007.10.14"]
[EventType "team"]
[EventRounds "11"]
[EventCountry "HUN"]
[SourceTitle "EXT 2009"]
[Source "ChessBase"]
[SourceDate "2008.11.26"]
[SourceVersion "1"]
[SourceVersionDate "2008.11.26"]
[SourceQuality "1"]
[WhiteTeam "Ujszasz"]
[BlackTeam "Vaci"]
[WhiteTeamCountry "HUN"]
[BlackTeamCountry "HUN"]

1. e4 Nf6 2. e5 Nd5 3. d4 d6 4. Nf3 dxe5 5. dxe5 Bg4 6. c4 Bxf3 7. Qxf3 Nb4 8. Qc3 N8c6 9. a3 Na6 10. b4 Qd4 11. Bb2 Rd8 12. Be2 Qxc3+ 13. Bxc3 Nd4 14. Ra2 c5 15. b5 Nc7 16. Bxd4 Rxd4 17. Nd2 Ne6 18. Bf3 Rd7 19. 0-0 g6 20. Bg4 Bg7 21. Re1 0-0 22. Ne4 Rc7 23. Bxe6 fxe6 24. Ng5 Rf5 25. Nxe6 Rd7 26. g4 Rf3 27. Nxc5 Rc7 28. Ne4 Rf4 29. Nd2 Rxg4+ 30. Kf1 Bh6 31. e6 Bxd2 32. Rxd2 Rgxc4 33. f3 Kg7 34. Re4 Rxe4 35. fxe4 Kf6 36. Rd7 Rc3 37. Rxb7 Rxa3 38. Kf2 Kxe6 39. Ke2 Kd6 40. b6 axb6 41. Rxb6+ Ke5 42. Kf2 Kf4 43. Re6 Ra2+ 44. Kg1 Kf3 45. h3 Ra7 46. Kh2 Ra2+ 47. Kg1 Kg3 48. Kf1 Ra7 49. Ke2 Kxh3 50. Kf3 Kh4 51. Kf4 g5+ 52. Kf5 h5 53. Rg6 g4 54. Kf4 Ra3 55. Rg7 Rf3+ 56. Ke5 g3 57. Ke6 Re3 58. e5 Kh3 59. Rg5 h4 60. Kf7 g2 0-1